LEADER 01033nam a2200241 4500 001 000000343433 003 CaOOAMICUS 005 20201218000000.0 008 201218s1966 it a 000 u ita r 040 $aSeMil$bita 245 12$aI fioretti di S. Francesco /$criduzione di Anna Curcio ; illustrazioni di Donatella Ruggieri. 264 1$aPadova :$bRADAR,$c1966. 300 $a168 p. :$bill. ;$c27 cm 490 1 $aCollana Primavera 650 4$aFrancesco : d'Assisi . Fioretti.$0(OLS)http://semarc/subject/7644 700 1 $aCurcio, Anna,$ecuratrice.$0(OLS)http://semarc/name/112657 700 1 $aRuggieri, Donatella,$eillustratrice.$0(OLS)http://semarc/name/112658 830 0$aPrimavera.$0(OLS)http://semarc/title/432401 850 $aSeMil 852 $aSeMil$W1$xVenegono$y1$m3H V 14$j223203$B234421$CSeMilBibl$Z2$F234421 $81 996 $6245$aI fioretti di S. Francesco$9(OLS)http://semarc/title/141267 996 $6264$aPadova :$bRADAR$9(OLS)http://semarc/publisher/33643 LEADER 01066nam a2200241 i 4500 001 000000043331 003 CaOOAMICUS 005 20090812000000.0 008 090812s1951 it u000 u ita u 013 $a14501 040 $aSeMil$bita 100 1 $aBertetto, Domenico .$0(OLS)http://semarc/name/9748 245 10$aMaria corredentrice :$bla cooperazione prossima e immediata di Maria alla redenzione cristiana /$cDomenico Bertetto. 260 $aAlba :$bPaoline,$c1951. 300 $a144 p. ;$c21 cm. 490 0 $aCatholica ;$v15 650 4$aMadonna - Mediazione divina.$0(OLS)http://semarc/subject/6304 650 4$aMariologia.$0(OLS)http://semarc/subject/451 830 0$aCatholica ;$v15.$0(OLS)http://semarc/title/6164 850 $aSeMil 852 $aSeMil$W1$xVenegono$y1$m2B II 140$j9486$B9486$CSeMilBibl$Z2$F9486 $81 996 $6245$aMaria corredentrice :$bla cooperazione prossima e immediata di Maria alla redenzione cristiana$9(OLS)http://semarc/title/63604 996 $6260$aAlba :$bPaoline$9(OLS)http://semarc/publisher/29692 LEADER 00721nam a2200205 i 4500 001 000000099266 003 CaOOAMICUS 005 20030924000000.0 008 030924s1973 xx u000 u und u 013 $a71418 040 $aSeMil$bita 100 1 $aLagorio, Gina <1922-2005>.$0(OLS)http://semarc/name/4079 245 10$aSui racconti di Sbarbaro. 260 $aParma :$bGuanda,$c1973. 300 $a102 p. 650 4$aSbarbaro, Camillo.$0(OLS)http://semarc/subject/15082 850 $aSeMil 852 $aSeMil$W1$xVenegono$y1$m177 6 *$j56837$B56837$CSeMilBibl$Z2$F66777 $81 996 $6245$aSui racconti di Sbarbaro$9(OLS)http://semarc/title/146851 996 $6260$aParma :$bGuanda$9(OLS)http://semarc/publisher/31392